Statistics for Capital Cities: Click Quiz

Click here to take the quiz!

General Stats

  • This quiz has been taken 83 times
  • The average score is 14 of 15

Answer Stats

HintAnswer% Correct
NetherlandsAmsterdam
100%
IcelandReykjavik
100%
JapanTokyo
100%
NorwayOslo
99%
TunisiaTunis
97%
BelarusMinsk
96%
North KoreaPyongyang
96%
JamaicaKingston
94%
Dominican RepublicSanto Domingo
93%
LiechtensteinVaduz
93%
CyprusNicosia
89%
FijiSuva
89%
CambodiaPhnom Penh
87%
GhanaAccra
81%
TongaNuku Alofa
81%

Score Distribution

Percentile by Number Answered

Percent of People with Each Score

Your Score History

You have not taken this quiz